Central Library OPAC University of Rajshahi

Thomas Heywood : (Record no. 62683)

MARC details
000 -LEADER
fixed length control field 01003nam a2200241 a 4500
001 - CONTROL NUMBER
control field 62683
003 - CONTROL NUMBER IDENTIFIER
rucl marc code BD-RjUL
005 - DATE AND TIME OF LATEST TRANSACTION
control field 20211209081119.0
008 - FIXED-LENGTH DATA ELEMENTS--GENERAL INFORMATION
fixed length control field 170125s19671958enk 000 0 eng d
035 ## - SYSTEM CONTROL NUMBER
System control number BD-RjUL 62810
System control number (OCoLC)4297478
040 ## - CATALOGING SOURCE
Original cataloging agency DLC
Transcribing agency HDC
Modifying agency m.c
-- EQO
Language of cataloging eng
041 ## - LANGUAGE CODE
Language code of text/sound track or separate title eng
082 ## - DEWEY DECIMAL CLASSIFICATION NUMBER
Edition number 23
Classification number 928.2
Author mark and year CLT 1967
100 1# - MAIN ENTRY--PERSONAL NAME
Personal name Clark, Arthur Melville,
Dates associated with a name 1895-
9 (RLIN) 186342
245 10 - TITLE STATEMENT
Title Thomas Heywood :
Remainder of title playwright and miscellanist /
Statement of responsibility, etc. by Arthur Melville Clark.
260 ## - PUBLICATION, DISTRIBUTION, ETC. (IMPRINT)
Place of publication, distribution, etc. Oxford :
Name of publisher, distributor, etc. Blackwell,
Date of publication, distribution, etc. 1958 [reprint 1967]
300 ## - PHYSICAL DESCRIPTION
Pagination xii, 356 p. ;
Size 23 cm.
500 ## - GENERAL NOTE
General note "My annotated Bibliography of Thomas Heywood (Oxford Bibliographical Society's Proceedings and papers, vol. I, pt. II and ... list of selected material on Heywood, for the forthcoming Cambridge bibliography of English literature, may be regarded as supplements to the present work."--Pref.
600 10 - SUBJECT ADDED ENTRY--PERSONAL NAME
Personal name Heywood, Thomas,
Dates associated with a name approximately 1574-1641.
942 ## - ADDED ENTRY ELEMENTS (KOHA)
Source of classification or shelving scheme Dewey Decimal Classification
Koha item type Books
Holdings
Lost status Source of classification or shelving scheme Damaged status Not for loan Collection code Permanent Location Current Location Shelving location Date acquired Total Checkouts Full call number Date last seen Copy number Koha item type
  Dewey Decimal Classification   Not For Loan Non-fiction Central Library, University of Rajshahi Central Library, University of Rajshahi Reading Room 17/10/1985   928.2 CLT 1967 25/01/2017 C-1 Books